<?xml version="1.0" encoding="UTF-8"?>
<record
    xmlns:xsi="http://www.w3.org/2001/XMLSchema-instance"
    xsi:schemaLocation="http://www.loc.gov/MARC21/slim http://www.loc.gov/standards/marcxml/schema/MARC21slim.xsd"
    xmlns="http://www.loc.gov/MARC21/slim">

  <leader>00933naa a2200229 a 4500</leader>
  <controlfield tag="001"> 82673</controlfield>
  <controlfield tag="003">BD-RjUL</controlfield>
  <controlfield tag="005">20240118113449.0</controlfield>
  <controlfield tag="008">240118s1954    pk ||||| |||| 00| 0 urd d</controlfield>
  <datafield tag="035" ind1=" " ind2=" ">
    <subfield code="a">(BD-RjUL) 82673</subfield>
  </datafield>
  <datafield tag="040" ind1=" " ind2=" ">
    <subfield code="a">BD-RjUL</subfield>
    <subfield code="b">eng</subfield>
    <subfield code="c">BD-RjUL</subfield>
  </datafield>
  <datafield tag="041" ind1=" " ind2=" ">
    <subfield code="a">eng</subfield>
  </datafield>
  <datafield tag="082" ind1=" " ind2=" ">
    <subfield code="2">23</subfield>
    <subfield code="a">891.439092</subfield>
    <subfield code="b">SAT 1954</subfield>
  </datafield>
  <datafield tag="100" ind1=" " ind2=" ">
    <subfield code="a">&#x633;&#x627;&#x644;&#x643;, &#x639;&#x628;&#x62F; &#x627;&#x644;&#x645;&#x62C;&#x64A;&#x62F; ;;Salek, Abdul Majeed,</subfield>
    <subfield code="9">10930</subfield>
  </datafield>
  <datafield tag="245" ind1="1" ind2="0">
    <subfield code="a">&#x62A;&#x642;&#x627;&#x631;&#x64A;&#x631; &#x64A;&#x648;&#x645; &#x627;&#x642;&#x628;&#x627;&#x644;   ;;  taqarir yawm aiqbal   /</subfield>
    <subfield code="c">&#x639;&#x628;&#x62F; &#x627;&#x644;&#x645;&#x62C;&#x64A;&#x62F; &#x627;&#x633;&#x627;&#x644;&#x643; , &#x635;&#x644;&#x627;&#x62D; &#x627;&#x644;&#x62F;&#x64A;&#x646; &#x627;&#x62D;&#x645;&#x62F; , &#x633;&#x648;&#x641;&#x64A; &#x63A;&#x644;&#x627;&#x645; &#x645;&#x635;&#x637;&#x641;&#x649; &#x62A;&#x628;&#x633;&#x645; ;; Abdul Majeed Ask, Salah El-Din Ahmed, Sufi Ghulam Mustafa Tabassum</subfield>
  </datafield>
  <datafield tag="260" ind1=" " ind2=" ">
    <subfield code="a">Lahore: </subfield>
    <subfield code="b">&#x628;&#x632;&#x645; &#x627;&#x642;&#x628;&#x627;&#x644; ,</subfield>
    <subfield code="c">1954</subfield>
  </datafield>
  <datafield tag="300" ind1=" " ind2=" ">
    <subfield code="a">33 p. ;</subfield>
    <subfield code="c">22 cm</subfield>
  </datafield>
  <datafield tag="600" ind1=" " ind2=" ">
    <subfield code="a">Iqbal</subfield>
  </datafield>
  <datafield tag="700" ind1=" " ind2=" ">
    <subfield code="a"> &#x627;&#x62D;&#x645;&#x62F;, &#x635;&#x644;&#x627;&#x62D; &#x627;&#x644;&#x62F;&#x64A;&#x646; Ahmed, Salah al-Din</subfield>
    <subfield code="9">10933</subfield>
  </datafield>
  <datafield tag="700" ind1=" " ind2=" ">
    <subfield code="a">Tabassum, Sufi Ghulam Mustafa  ;;  &#x62A;&#x628;&#x633;&#x645;, &#x633;&#x648;&#x641;&#x64A; &#x63A;&#x644;&#x627;&#x645; &#x645;&#x635;&#x637;&#x641;&#x649;</subfield>
    <subfield code="9">10932</subfield>
  </datafield>
  <datafield tag="942" ind1=" " ind2=" ">
    <subfield code="2">ddc</subfield>
    <subfield code="c">BK</subfield>
  </datafield>
  <datafield tag="999" ind1=" " ind2=" ">
    <subfield code="c">82673</subfield>
    <subfield code="d">82673</subfield>
  </datafield>
  <datafield tag="952" ind1=" " ind2=" ">
    <subfield code="0">0</subfield>
    <subfield code="1">0</subfield>
    <subfield code="2">ddc</subfield>
    <subfield code="4">0</subfield>
    <subfield code="7">1</subfield>
    <subfield code="a">RUCL</subfield>
    <subfield code="b">RUCL</subfield>
    <subfield code="c">Reading</subfield>
    <subfield code="d">1955-04-16</subfield>
    <subfield code="e">bagus iqbal</subfield>
    <subfield code="l">0</subfield>
    <subfield code="o">U 891.439092 SAT 1954</subfield>
    <subfield code="r">2024-01-18 00:00:00</subfield>
    <subfield code="t">C-1</subfield>
    <subfield code="w">2024-01-18</subfield>
    <subfield code="y">BK</subfield>
  </datafield>
</record>
